[Event "Politiken"]
[Site "Hillerod"]
[Date "1995.??.??"]
[Round "6"]
[White "Emms, John M"]
[Black "Olafsson, Helgi"]
[Result "1-0"]
[WhiteElo "2500"]
[BlackElo "2520"]
[PlyCount "113"]
[EventDate "1995.??.??"]
[EventType "schev"]
[EventRounds "9"]
[EventCountry "DEN"]
[Source "ChessBase"]
[SourceDate "1995.07.01"]

1. e4 c5 2. Nf3 d6 3. d4 cxd4 4. Nxd4 Nf6 5. Nc3 a6 6. Bc4 e6 7. Bb3 b5 8. O-O
Be7 9. Qf3 Qc7 10. Qg3 Nc6 11. Nxc6 Qxc6 12. Re1 Bb7 13. a3 O-O 14. Bh6 Ne8 15.
Rad1 Kh8 16. Bg5 Bxg5 17. Qxg5 Nf6 18. Rd3 h6 19. Qd2 Rfd8 20. f3 Rd7 21. Rd1
Rad8 22. Qf2 Qc5 23. Ne2 Qe5 24. Qd4 a5 25. c3 Ba6 26. Qxe5 dxe5 27. Rxd7 Rxd7
28. Kf2 Kg8 29. Nc1 a4 30. Bc2 Rxd1 31. Bxd1 Ne8 32. Nd3 f6 33. Nc5 Bc8 34. c4
bxc4 35. Bxa4 Kf7 36. Ke3 Nd6 37. Kd2 f5 38. Bc6 Ke7 39. Kc3 Kd8 40. Kb4 Kc7
41. Bb5 fxe4 42. fxe4 Bb7 43. Nxb7 Kxb7 44. Bxc4 Nxe4 45. Bxe6 Nf2 46. Kc5 Nd3+
47. Kd5 Nxb2 48. Kxe5 Kc7 49. Kf5 Kd6 50. Bb3 Nd3 51. Kg6 Nf4+ 52. Kxg7 Nxg2
53. Kxh6 Ke5 54. a4 Nh4 55. a5 Kd6 56. a6 Kc7 57. Bd5 1-0

[Event "Politiken"]
[Site "Hillerod"]
[Date "1995.??.??"]
[Round "2"]
[White "Gausel, Einar"]
[Black "Andersen, Jackie"]
[Result "1/2-1/2"]
[WhiteElo "2490"]
[BlackElo "2345"]
[PlyCount "88"]
[EventDate "1995.??.??"]
[EventType "schev"]
[EventRounds "9"]
[EventCountry "DEN"]
[Source "ChessBase"]
[SourceDate "1995.07.01"]

1. Nf3 Nf6 2. c4 e6 3. d4 c5 4. e3 cxd4 5. exd4 d5 6. Nc3 Be7 7. Bg5 O-O 8. Rc1
Nc6 9. a3 b6 10. Bd3 Bb7 11. Bxf6 Bxf6 12. cxd5 exd5 13. O-O g6 14. Ne2 Qd6 15.
Rc3 Rac8 16. h4 Na5 17. h5 Rxc3 18. Nxc3 Nc4 19. Qc2 Bg7 20. Re1 Rc8 21. Qc1 a6
22. h6 Bf8 23. Ne5 b5 24. Re2 Qf6 25. g3 Nxe5 26. Rxe5 Bd6 27. Qe3 Bxe5 28.
dxe5 d4 29. Qxd4 Qf3 30. Kf1 Qh1+ 31. Ke2 Re8 32. Kd2 Qxh6+ 33. Kc2 Qf8 34. Be4
Rd8 35. Qb6 Bxe4+ 36. Nxe4 Qe7 37. f4 Kg7 38. Qxa6 Qc7+ 39. Nc3 Qd7 40. Qxb5
Qf5+ 41. Kb3 Qe6+ 42. Kc2 Qf5+ 43. Kb3 Qe6+ 44. Kc2 Qf5+ 1/2-1/2

[Event "Politiken"]
[Site "Hillerod"]
[Date "1995.??.??"]
[Round "8"]
[White "Gausel, Einar"]
[Black "Nielsen, Uffe V"]
[Result "1/2-1/2"]
[WhiteElo "2490"]
[BlackElo "2370"]
[PlyCount "56"]
[EventDate "1995.??.??"]
[EventType "schev"]
[EventRounds "9"]
[EventCountry "DEN"]
[Source "ChessBase"]
[SourceDate "1995.07.01"]

1. d4 Nf6 2. c4 c5 3. d5 b5 4. Nf3 g6 5. Qc2 bxc4 6. e4 d6 7. Bxc4 Bg7 8. O-O
O-O 9. Re1 Ba6 10. Na3 Nfd7 11. Bf4 Nb6 12. Nd2 Qc8 13. Rad1 N8d7 14. b3 Ne5
15. h3 Rb8 16. Bxe5 Bxe5 17. Nf3 Bg7 18. e5 Bxc4 19. Nxc4 Nxc4 20. Qxc4 Rb4 21.
Qe2 a5 22. exd6 exd6 23. Qe7 Qb8 24. Nd2 Bc3 25. Re3 Bxd2 26. Rxd2 a4 27. Rdd3
Qd8 28. g3 axb3 1/2-1/2

[Event "Politiken"]
[Site "Hillerod"]
[Date "1995.??.??"]
[Round "4"]
[White "Gausel, Einar"]
[Black "Ostergaard, Jens"]
[Result "1-0"]
[WhiteElo "2490"]
[BlackElo "2310"]
[PlyCount "83"]
[EventDate "1995.??.??"]
[EventType "schev"]
[EventRounds "9"]
[EventCountry "DEN"]
[Source "ChessBase"]
[SourceDate "1995.07.01"]

1. c4 Nf6 2. Nc3 c5 3. g3 d5 4. cxd5 Nxd5 5. Bg2 Nc7 6. Nf3 Nc6 7. d3 g6 8. O-O
Bg7 9. Be3 b6 10. Qd2 Rb8 11. Rfc1 O-O 12. Bh6 e5 13. Bxg7 Kxg7 14. Rab1 f6 15.
a3 a5 16. b3 Qe7 17. Qb2 h5 18. e3 Rd8 19. Rd1 Bg4 20. h3 Bf5 21. Nh4 Bd7 22.
Rd2 b5 23. Rc1 g5 24. Nf3 Bf5 25. Ne1 Na7 26. Ne4 Bxe4 27. Bxe4 b4 28. Rdc2 Na6
29. a4 Qe6 30. Bg2 Nc8 31. Bf1 Ne7 32. Nf3 Nd5 33. h4 g4 34. Nd2 Ra8 35. Ne4 f5
36. Nxc5 Nxc5 37. Rxc5 Nc3 38. R1xc3 bxc3 39. Qxc3 Kf6 40. d4 exd4 41. exd4
Rac8 42. d5+ 1-0

[Event "Politiken"]
[Site "Hillerod"]
[Date "1995.??.??"]
[Round "6"]
[White "Hansen, Sune Berg"]
[Black "Andersen, Jackie"]
[Result "1-0"]
[WhiteElo "2460"]
[BlackElo "2345"]
[PlyCount "78"]
[EventDate "1995.??.??"]
[EventType "schev"]
[EventRounds "9"]
[EventCountry "DEN"]
[Source "ChessBase"]
[SourceDate "1995.07.01"]

1. e4 g6 2. d4 Nf6 3. Nc3 d6 4. Bg5 Nbd7 5. f4 c5 6. dxc5 Nxc5 7. Bxf6 exf6 8.
Bb5+ Nd7 9. Qd5 Be7 10. O-O-O O-O 11. Nf3 Nb6 12. Qd4 a6 13. Ba4 Qc7 14. Bb3
Bd7 15. Kb1 Rac8 16. f5 a5 17. a4 Qc5 18. g4 Rfe8 19. Rhf1 g5 20. h4 h6 21. Rh1
Qxd4 22. Rxd4 Bf8 23. Nd2 Bc6 24. Nc4 Nxc4 25. Bxc4 Re5 26. Bd5 Kg7 27. h5 Be7
28. Rhd1 Kf8 29. Rc4 Ke8 30. Rdd4 Bd7 31. Bxb7 Rcc5 32. Nd5 Bd8 33. c3 Kf8 34.
Ka2 Re8 35. Ka3 Re5 36. b4 axb4+ 37. cxb4 Rxc4 38. Rxc4 Ke8 39. b5 Ba5 1-0

[Event "Politiken"]
[Site "Hillerod"]
[Date "1995.??.??"]
[Round "8"]
[White "Hansen, Sune Berg"]
[Black "Ostergaard, Jens"]
[Result "1-0"]
[WhiteElo "2460"]
[BlackElo "2310"]
[PlyCount "71"]
[EventDate "1995.??.??"]
[EventType "schev"]
[EventRounds "9"]
[EventCountry "DEN"]
[Source "ChessBase"]
[SourceDate "1995.07.01"]

1. e4 c5 2. Nf3 Nc6 3. d4 cxd4 4. Nxd4 g6 5. Nc3 Bg7 6. Be3 Nf6 7. Bc4 Qa5 8.
O-O O-O 9. Nb3 Qc7 10. Be2 d6 11. f4 a6 12. g4 e6 13. Qd2 b5 14. g5 Ne8 15.
Rad1 Na5 16. Bd4 Nc4 17. Bxc4 bxc4 18. Bxg7 Nxg7 19. Nd4 Bb7 20. Qe3 Rab8 21.
Nde2 Ba8 22. b3 Rfd8 23. Rd2 d5 24. Rfd1 cxb3 25. axb3 dxe4 26. Nxe4 Rxd2 27.
Nf6+ Kh8 28. Qxd2 Qc6 29. Ng3 Qb6+ 30. Qd4 Qc6 31. Nge4 Qxc2 32. Qd8+ Ne8 33.
Qxb8 Qxd1+ 34. Kf2 Qc2+ 35. Kg3 Qc6 36. Nxe8 1-0

[Event "Politiken"]
[Site "Hillerod"]
[Date "1995.??.??"]
[Round "4"]
[White "Hansen, Sune Berg"]
[Black "Olafsson, Helgi"]
[Result "1/2-1/2"]
[WhiteElo "2460"]
[BlackElo "2520"]
[PlyCount "40"]
[EventDate "1995.??.??"]
[EventType "schev"]
[EventRounds "9"]
[EventCountry "DEN"]
[Source "ChessBase"]
[SourceDate "1995.07.01"]

1. e4 c5 2. c3 d5 3. exd5 Qxd5 4. d4 Nf6 5. Nf3 Bg4 6. Be2 e6 7. h3 Bh5 8. Na3
Nc6 9. Be3 cxd4 10. Nb5 Rc8 11. Nbxd4 Be7 12. Nxc6 Qxc6 13. O-O O-O 14. Ne5 Qe4
15. Bxh5 Qxe5 16. Bf3 Bc5 17. Re1 Bxe3 18. Rxe3 Qc7 19. Qa4 b6 20. Rd1 Rfd8
1/2-1/2

[Event "Politiken"]
[Site "Hillerod"]
[Date "1995.??.??"]
[Round "2"]
[White "Hansen, Sune Berg"]
[Black "Ahlander, Bjorn"]
[Result "1-0"]
[WhiteElo "2460"]
[BlackElo "2400"]
[PlyCount "75"]
[EventDate "1995.??.??"]
[EventType "schev"]
[EventRounds "9"]
[EventCountry "DEN"]
[Source "ChessBase"]
[SourceDate "1995.07.01"]

1. e4 c5 2. Nf3 e6 3. Nc3 d6 4. d4 cxd4 5. Nxd4 Nc6 6. Be2 Nf6 7. O-O Be7 8.
Be3 a6 9. f4 O-O 10. a4 Qc7 11. Kh1 Re8 12. Bf3 Rb8 13. Qd2 Nxd4 14. Bxd4 e5
15. Ba7 Ra8 16. Be3 exf4 17. Bxf4 Be6 18. Rad1 Rad8 19. Qd4 Qc8 20. Qf2 Bc4 21.
Be2 Bxe2 22. Qxe2 Qe6 23. Qf3 Rc8 24. Be3 h6 25. Bd4 b5 26. axb5 axb5 27. Nxb5
Rxc2 28. Bc3 Qxe4 29. Nd4 Rxc3 30. Qxc3 Nd5 31. Qc6 Bf6 32. Nf5 Re5 33. Ng3 Qg4
34. Rxd5 Re3 35. Qxd6 Rb3 36. Qf4 Qe6 37. Qf5 Qa6 38. Rc5 1-0

[Event "Politiken"]
[Site "Hillerod"]
[Date "1995.??.??"]
[Round "1"]
[White "Jansa, Vlastimil"]
[Black "Hansen, Sune Berg"]
[Result "1/2-1/2"]
[WhiteElo "2525"]
[BlackElo "2460"]
[PlyCount "48"]
[EventDate "1995.??.??"]
[EventType "schev"]
[EventRounds "9"]
[EventCountry "DEN"]
[Source "ChessBase"]
[SourceDate "1995.07.01"]

1. e4 c5 2. Nf3 d6 3. d4 cxd4 4. Nxd4 Nf6 5. Nc3 g6 6. Be3 Bg7 7. f3 Nc6 8. Qd2
O-O 9. O-O-O d5 10. Qe1 e6 11. h4 Qc7 12. h5 dxe4 13. Qh4 Nxh5 14. Nxc6 bxc6
15. g4 Bf6 16. Qh3 Bxc3 17. bxc3 Qa5 18. gxh5 e5 19. Qh4 Qxc3 20. Bd3 Qa3+ 21.
Kd2 exd3 22. hxg6 Qa5+ 23. Kc1 Qa3+ 24. Kd2 Qa5+ 1/2-1/2

[Event "Politiken"]
[Site "Hillerod"]
[Date "1995.??.??"]
[Round "7"]
[White "Jansa, Vlastimil"]
[Black "Sahl, Bjarke"]
[Result "1-0"]
[WhiteElo "2525"]
[BlackElo "2455"]
[PlyCount "73"]
[EventDate "1995.??.??"]
[EventType "schev"]
[EventRounds "9"]
[EventCountry "DEN"]
[Source "ChessBase"]
[SourceDate "1995.07.01"]

1. e4 e5 2. Nf3 Nc6 3. Bb5 a6 4. Ba4 Bc5 5. c3 Nf6 6. d4 Bb6 7. O-O O-O 8. Re1
d6 9. h3 h6 10. Na3 exd4 11. cxd4 d5 12. exd5 Nb4 13. d6 cxd6 14. Nc4 Ba7 15.
Bb3 Nbd5 16. Nh4 Be6 17. Ng6 Re8 18. Nf4 Nxf4 19. Bxf4 Bxc4 20. Rxe8+ Qxe8 21.
Bxc4 Qe4 22. Be3 d5 23. Bb3 Re8 24. Rc1 Bb8 25. Ba4 Rf8 26. Bc2 Qe7 27. Qf3 Qd6
28. g3 Qb6 29. Bb3 Qe6 30. Kg2 Bd6 31. Bc2 Ne4 32. Bb3 g5 33. Re1 Kg7 34. Qh5
f5 35. Bd2 f4 36. f3 fxg3 37. Rxe4 1-0

[Event "Politiken"]
[Site "Hillerod"]
[Date "1995.??.??"]
[Round "5"]
[White "Jansa, Vlastimil"]
[Black "Ward, Christopher"]
[Result "0-1"]
[WhiteElo "2525"]
[BlackElo "2485"]
[PlyCount "150"]
[EventDate "1995.??.??"]
[EventType "schev"]
[EventRounds "9"]
[EventCountry "DEN"]
[Source "ChessBase"]
[SourceDate "1995.07.01"]

1. e4 c5 2. Nf3 d6 3. d4 cxd4 4. Nxd4 Nf6 5. Nc3 g6 6. Bc4 Bg7 7. O-O O-O 8.
Re1 Nc6 9. h3 Bd7 10. Be3 Na5 11. Bb3 a6 12. Qd2 Rc8 13. Bh6 Nc4 14. Bxc4 Rxc4
15. Bxg7 Kxg7 16. Rad1 Re8 17. Nd5 e5 18. Nxf6 Qxf6 19. Nb3 Be6 20. Re2 Ra4 21.
Nc1 d5 22. exd5 Rd4 23. Qe1 Rxd5 24. Red2 Rxd2 25. Qxd2 e4 26. Qd4 Qxd4 27.
Rxd4 f5 28. Ne2 Rc8 29. c3 Rc7 30. a3 Kf7 31. Kf1 Rd7 32. h4 Kf6 33. Ke1 Rxd4
34. Nxd4 Bc4 35. g3 Ke5 36. Kd2 h6 37. Ke3 g5 38. hxg5 hxg5 39. f4+ exf3 40.
Nxf3+ Kf6 41. Kd4 Bb3 42. Ne5 Ke6 43. c4 f4 44. gxf4 gxf4 45. Nd3 Kf5 46. Nc5
Bc2 47. Nxb7 Kg4 48. Nd6 f3 49. c5 f2 50. Nc4 Ba4 51. Nd2 Kf4 52. Kd5 Bb3+ 53.
Kd4 Ba4 54. Nf1 Bb3 55. Ne3 Ba4 56. Nf1 Bb5 57. Nd2 Ba4 58. Nf1 Bb3 59. Nh2 Ba4
60. Kd5 Bb5 61. Kd4 Kg3 62. Ke3 Kg2 63. b3 a5 64. a4 Be8 65. Ke2 Bh5+ 66. Ke3
Bf3 67. Nxf3 f1=Q 68. Nd2 Qf2+ 69. Kd3 Qxc5 70. Nc4 Qd5+ 71. Kc3 Kf2 72. Nb2
Ke2 73. Nc4 Qd3+ 74. Kb2 Kd1 75. Ka3 Kc2 0-1

[Event "Politiken"]
[Site "Hillerod"]
[Date "1995.??.??"]
[Round "1"]
[White "Karlsson, Lars"]
[Black "Borge, Nikolaj"]
[Result "0-1"]
[WhiteElo "2515"]
[BlackElo "2405"]
[PlyCount "76"]
[EventDate "1995.??.??"]
[EventType "schev"]
[EventRounds "9"]
[EventCountry "DEN"]
[Source "ChessBase"]
[SourceDate "1995.07.01"]

1. g3 e5 2. c4 Nf6 3. Bg2 d5 4. cxd5 Nxd5 5. Nc3 Nb6 6. d3 Be7 7. a3 O-O 8. Nf3
Nc6 9. O-O f5 10. Be3 Kh8 11. Rc1 Qe8 12. Nb5 Bd8 13. Bc5 Rf6 14. e4 fxe4 15.
Ng5 exd3 16. Qxd3 Bf5 17. Be4 Qg6 18. f4 exf4 19. Rce1 Be7 20. Bxe7 Nxe7 21.
Nxc7 Rc8 22. Bxf5 Nxf5 23. Ne4 Nd6 24. Rf3 Nxe4 25. Qxe4 fxg3 26. Rxg3 Qf7 27.
Ne6 g6 28. Ng5 Qd5 29. Qh4 h5 30. Rge3 Rcf8 31. Ne6 R8f7 32. Qg3 Nc4 33. Rd3
Qc6 34. Qb8+ Kh7 35. Rd8 Qb6+ 36. Nd4 Rf8 37. Rd7+ Kh6 38. Qxb7 Nd6 0-1

[Event "Politiken"]
[Site "Hillerod"]
[Date "1995.??.??"]
[Round "3"]
[White "Nielsen, Uffe V"]
[Black "Hansen, Sune Berg"]
[Result "0-1"]
[WhiteElo "2370"]
[BlackElo "2460"]
[PlyCount "116"]
[EventDate "1995.??.??"]
[EventType "schev"]
[EventRounds "9"]
[EventCountry "DEN"]
[Source "ChessBase"]
[SourceDate "1995.07.01"]

1. e4 c5 2. Nf3 d6 3. Bb5+ Nd7 4. c3 Ngf6 5. Qe2 a6 6. Ba4 e6 7. O-O Be7 8. d4
O-O 9. Bg5 cxd4 10. cxd4 b5 11. Bb3 Bb7 12. Nbd2 h6 13. Bh4 Nb6 14. Rfd1 Rc8
15. e5 Nfd5 16. Bg3 dxe5 17. dxe5 Qc7 18. Nd4 Nd7 19. h3 Nc5 20. Rac1 Qb6 21.
Bc2 Rfd8 22. N2f3 Rc7 23. Bb1 Rdc8 24. Qc2 g6 25. Qd2 Kg7 26. h4 Nd7 27. Rxc7
Qxc7 28. h5 g5 29. Nf5+ exf5 30. e6 f4 31. exd7 Qxd7 32. Qd3 f5 33. Nd4 fxg3
34. Nxf5+ Kh8 35. Nxg3 Bf6 36. Ne4 Be5 37. b4 Qf7 38. Nc5 Bc6 39. Ne6 Re8 40.
Nd4 Bb7 41. Nf5 Nf4 42. Nxh6 Qg7 43. Qd7 Rf8 44. Qxg7+ Bxg7 45. Rd7 Bc8 46. Rd6
Be5 47. Nf7+ Rxf7 48. Rd8+ Kg7 49. Rxc8 Rd7 50. Be4 Nxh5 51. g3 Nf6 52. Bf5 Rd2
53. Rc2 Rxc2 54. Bxc2 Bc3 55. a4 bxa4 56. Bxa4 Bxb4 57. Bc6 a5 58. Kg2 Kf7 0-1

[Event "Politiken"]
[Site "Hillerod"]
[Date "1995.??.??"]
[Round "1"]
[White "Olafsson, Helgi"]
[Black "Sahl, Bjarke"]
[Result "1-0"]
[WhiteElo "2520"]
[BlackElo "2455"]
[PlyCount "89"]
[EventDate "1995.??.??"]
[EventType "schev"]
[EventRounds "9"]
[EventCountry "DEN"]
[Source "ChessBase"]
[SourceDate "1995.07.01"]

1. d4 Nf6 2. c4 g6 3. Nc3 Bg7 4. e4 d6 5. f3 O-O 6. Be3 Na6 7. Qd2 e5 8. d5 Nh5
9. O-O-O f5 10. Bd3 Nc5 11. Bc2 fxe4 12. Bxc5 dxc5 13. Nxe4 Rf7 14. Ne2 Qf8 15.
h4 Bd7 16. Kb1 Re8 17. N2c3 Bh6 18. Qf2 b6 19. Rhe1 Kh8 20. Ba4 Bxa4 21. Nxa4
Ng7 22. Nac3 Nf5 23. Ng5 Bxg5 24. hxg5 Nd6 25. Ne4 Nxe4 26. Rxe4 Rf4 27. Qe3
Qf5 28. Re1 Rf8 29. Qc3 Kg8 30. Qxe5 Qxe5 31. Rxe5 Rxc4 32. Re7 Rf7 33. Re8+
Kg7 34. R1e4 Rb4 35. a3 Rb5 36. Rd8 h6 37. gxh6+ Kxh6 38. Kc2 Ra5 39. Re6 c4
40. Rc6 Rf5 41. Rxc4 Raxd5 42. Rxd5 Rxd5 43. Rxc7 a5 44. Rc6 b5 45. b4 1-0

[Event "Politiken"]
[Site "Hillerod"]
[Date "1995.??.??"]
[Round "3"]
[White "Olafsson, Helgi"]
[Black "Danielsen, Henrik"]
[Result "0-1"]
[WhiteElo "2520"]
[BlackElo "2430"]
[PlyCount "46"]
[EventDate "1995.??.??"]
[EventType "schev"]
[EventRounds "9"]
[EventCountry "DEN"]
[Source "ChessBase"]
[SourceDate "1995.07.01"]

1. c4 Nf6 2. Nc3 e5 3. Nf3 Nc6 4. g3 Bb4 5. Bg2 O-O 6. O-O Bxc3 7. bxc3 Re8 8.
d3 e4 9. Nd4 h6 10. dxe4 Nxe4 11. Qc2 d5 12. Nb5 Bf5 13. cxd5 Nxg3 14. e4 Nxf1
15. dxc6 Qh4 16. f3 Qxh2+ 17. Kxf1 Bh3 18. Be3 bxc6 19. Nd4 c5 20. Nf5 Bxf5 21.
Bg1 Qf4 22. exf5 Rad8 23. Re1 Qc4+ 0-1

[Event "Politiken"]
[Site "Hillerod"]
[Date "1995.??.??"]
[Round "5"]
[White "Olafsson, Helgi"]
[Black "Brynell, Stellan"]
[Result "0-1"]
[WhiteElo "2520"]
[BlackElo "2435"]
[PlyCount "108"]
[EventDate "1995.??.??"]
[EventType "schev"]
[EventRounds "9"]
[EventCountry "DEN"]
[Source "ChessBase"]
[SourceDate "1995.07.01"]

1. d4 Nf6 2. Nf3 c5 3. d5 b5 4. Bg5 Qb6 5. a4 b4 6. a5 Qb7 7. Bxf6 exf6 8. e4
d6 9. Nbd2 Be7 10. Nc4 O-O 11. Be2 Nd7 12. Ne3 Re8 13. O-O Bf8 14. Nd2 g6 15.
c3 Bh6 16. f4 bxc3 17. bxc3 Qc7 18. Qa4 f5 19. Qc6 Qxc6 20. dxc6 Nf6 21. Ndc4
Ba6 22. Nxd6 Bxe2 23. Nxe8 Nxe8 24. Rfe1 Bd3 25. exf5 gxf5 26. Nd5 Be4 27. c4
Kf8 28. g4 Bg7 29. Ra3 Bd4+ 30. Kf1 Nd6 31. c7 Ke8 32. Rh3 Kd7 33. Rxh7 Re8 34.
Rd1 fxg4 35. Rxd4 Bxh7 36. Nf6+ Kxc7 37. Nxe8+ Nxe8 38. Rd5 Kc6 39. Kf2 Nd6 40.
Kg3 Nxc4 41. Rh5 Bg6 42. Rg5 Nd6 43. Kxg4 c4 44. Kf3 c3 45. Ke3 c2 46. Rg1 Kd5
47. Kd2 Kd4 48. Kc1 Nc4 49. Rg5 Nd6 50. h4 Ne4 51. Rb5 Nc3 52. f5 Nxb5 53. fxg6
fxg6 54. Kxc2 Nd6 0-1

[Event "Politiken"]
[Site "Hillerod"]
[Date "1995.??.??"]
[Round "3"]
[White "Olesen, Martin"]
[Black "Borge, Nikolaj"]
[Result "1/2-1/2"]
[WhiteElo "2340"]
[BlackElo "2405"]
[PlyCount "32"]
[EventDate "1995.??.??"]
[EventType "schev"]
[EventRounds "9"]
[EventCountry "DEN"]
[Source "ChessBase"]
[SourceDate "1995.07.01"]

1. e4 c5 2. c3 e6 3. d4 d5 4. e5 Nc6 5. Nf3 Qb6 6. a3 Nh6 7. b4 cxd4 8. cxd4
Nf5 9. Be3 f6 10. b5 Nxe5 11. dxe5 Nxe3 12. fxe3 Qxe3+ 13. Qe2 Qc1+ 14. Qd1
Qe3+ 15. Qe2 Qc1+ 16. Qd1 Qe3+ 1/2-1/2

[Event "Politiken"]
[Site "Hillerod"]
[Date "1995.??.??"]
[Round "5"]
[White "Olesen, Martin"]
[Black "Gausel, Einar"]
[Result "0-1"]
[WhiteElo "2340"]
[BlackElo "2490"]
[PlyCount "64"]
[EventDate "1995.??.??"]
[EventType "schev"]
[EventRounds "9"]
[EventCountry "DEN"]
[Source "ChessBase"]
[SourceDate "1995.07.01"]

1. e4 e6 2. d4 d5 3. e5 c5 4. c3 Qb6 5. Nf3 Bd7 6. Be2 Nc6 7. dxc5 Bxc5 8. O-O
a5 9. Bd3 Nge7 10. Qe2 Ng6 11. Bxg6 fxg6 12. Bf4 O-O 13. Bg3 a4 14. Na3 Ne7 15.
Rfb1 Nf5 16. Nc2 g5 17. b4 axb3 18. Rxb3 Qa7 19. Qd2 Ba4 20. Rb2 Bxc2 21. Rxc2
g4 22. Nd4 Bxd4 23. cxd4 Qxd4 24. Rb1 Qxd2 25. Rxd2 Rfc8 26. Rdb2 Ra4 27. Rxb7
h5 28. Rb8 Rxb8 29. Rxb8+ Kf7 30. f3 gxf3 31. Rb2 fxg2 32. Kxg2 Nxg3 0-1

[Event "Politiken"]
[Site "Hillerod"]
[Date "1995.??.??"]
[Round "1"]
[White "Olesen, Martin"]
[Black "Brynell, Stellan"]
[Result "1/2-1/2"]
[WhiteElo "2340"]
[BlackElo "2435"]
[PlyCount "57"]
[EventDate "1995.??.??"]
[EventType "schev"]
[EventRounds "9"]
[EventCountry "DEN"]
[Source "ChessBase"]
[SourceDate "1995.07.01"]

1. e4 c5 2. c3 d5 3. exd5 Qxd5 4. d4 Nc6 5. Nf3 cxd4 6. cxd4 e5 7. Nc3 Bb4 8.
Bd2 Bxc3 9. Bxc3 e4 10. Ne5 Nxe5 11. dxe5 Ne7 12. Qe2 Bf5 13. Rd1 Qc5 14. Qb5+
Qxb5 15. Bxb5+ Nc6 16. Rd6 Rc8 17. Ke2 O-O 18. Bxc6 Rxc6 19. Rxc6 bxc6 20. Bd4
Be6 21. Rc1 Bd5 22. Rc5 a6 23. b3 Ra8 24. Ra5 Kf8 25. Ke3 Ke7 26. b4 Ke6 27. a4
Kf5 28. Bc3 h5 29. Rc5 1/2-1/2

[Event "Politiken"]
[Site "Hillerod"]
[Date "1995.??.??"]
[Round "1"]
[White "Ostergaard, Jens"]
[Black "Emms, John M"]
[Result "0-1"]
[WhiteElo "2310"]
[BlackElo "2500"]
[PlyCount "94"]
[EventDate "1995.??.??"]
[EventType "schev"]
[EventRounds "9"]
[EventCountry "DEN"]
[Source "ChessBase"]
[SourceDate "1995.07.01"]

1. d4 Nf6 2. Nf3 e6 3. c4 c5 4. d5 d6 5. Nc3 exd5 6. cxd5 g6 7. h3 a6 8. a4 Qe7
9. Bg5 h6 10. Bh4 Nbd7 11. Nd2 Bg7 12. Nc4 Ne5 13. Nb6 Rb8 14. e3 O-O 15. Be2
Ned7 16. Nc4 Ne5 17. Nb6 Qc7 18. a5 Re8 19. Ra4 Ned7 20. Qb3 Nxb6 21. axb6 Qe7
22. O-O g5 23. Bg3 Bf5 24. Re1 Bg6 25. Bf3 Nd7 26. Nb1 Bxb1 27. Rxb1 Be5 28.
Bxe5 Qxe5 29. Re4 Qf6 30. Rxe8+ Rxe8 31. Bg4 Ne5 32. Be2 Qd8 33. Bg4 Nxg4 34.
hxg4 Re4 35. Qd3 Rb4 36. Qf5 Kg7 37. e4 Qf6 38. Qxf6+ Kxf6 39. f3 Rxb6 40. Kf2
Rb3 41. Kg3 c4 42. Rd1 b5 43. Ra1 Rxb2 44. Rxa6 Ke5 45. Ra7 c3 46. Rxf7 c2 47.
Rc7 b4 0-1

[Event "Politiken"]
[Site "Hillerod"]
[Date "1995.??.??"]
[Round "9"]
[White "Ostergaard, Jens"]
[Black "Brynell, Stellan"]
[Result "0-1"]
[WhiteElo "2310"]
[BlackElo "2435"]
[PlyCount "118"]
[EventDate "1995.??.??"]
[EventType "schev"]
[EventRounds "9"]
[EventCountry "DEN"]
[Source "ChessBase"]
[SourceDate "1995.07.01"]

1. d4 Nf6 2. Nf3 c5 3. d5 b5 4. a4 b4 5. Bg5 Qb6 6. a5 Qb7 7. Bxf6 exf6 8. g3
d6 9. Bg2 g6 10. O-O Bg7 11. Nbd2 O-O 12. Nc4 Qc7 13. Nfd2 Ba6 14. e4 Nd7 15.
f4 Rfe8 16. Qf3 Rad8 17. Rae1 Bc8 18. g4 Nf8 19. h4 Qd7 20. g5 Qc7 21. gxf6
Bxf6 22. h5 Bd4+ 23. Kh1 Qe7 24. Qg3 Bf6 25. Re2 Bb7 26. e5 Bg7 27. Rfe1 dxe5
28. d6 Bxg2+ 29. Kxg2 Qb7+ 30. Qf3 Qxf3+ 31. Nxf3 Ne6 32. fxe5 Nf4+ 33. Kg3
Nxh5+ 34. Kg4 f5+ 35. Kh4 Nf4 36. Rd2 h6 37. d7 Re7 38. e6 Rxe6 39. Rxe6 Nxe6
40. Nfe5 g5+ 41. Kg3 Nf8 42. Rd6 h5 43. a6 Kh7 44. Rd5 Bf6 45. Rxc5 h4+ 46. Kh2
g4 47. Rc7 g3+ 48. Kg1 h3 49. Rxa7 Rxd7 50. Rb7 Kh6 51. Rxd7 Nxd7 52. a7 Bxe5
53. Nxe5 Nb6 54. Nd3 Kg5 55. Nxb4 f4 56. Nd5 Na8 57. c4 f3 58. Ne3 f2+ 59. Kf1
Kf4 0-1

[Event "Politiken"]
[Site "Hillerod"]
[Date "1995.??.??"]
[Round "5"]
[White "Ostergaard, Jens"]
[Black "Sahl, Bjarke"]
[Result "0-1"]
[WhiteElo "2310"]
[BlackElo "2455"]
[PlyCount "104"]
[EventDate "1995.??.??"]
[EventType "schev"]
[EventRounds "9"]
[EventCountry "DEN"]
[Source "ChessBase"]
[SourceDate "1995.07.01"]

1. d4 d5 2. c4 e6 3. Nc3 Nf6 4. Nf3 Be7 5. Bg5 O-O 6. e3 h6 7. Bxf6 Bxf6 8. Rc1
a6 9. cxd5 exd5 10. Bd3 c6 11. O-O Nd7 12. b4 Nb6 13. Qb3 Re8 14. a4 Bg4 15.
Nd2 Be7 16. a5 Nc8 17. Na4 Nd6 18. Nc5 Bf6 19. Qb2 Qe7 20. Rfe1 Bf5 21. Bf1
Rad8 22. Rcd1 g6 23. Kh1 Bg7 24. f3 Qh4 25. g3 Qg5 26. e4 dxe4 27. Ndxe4 Nxe4
28. fxe4 Bg4 29. Be2 Bc8 30. e5 h5 31. Ne4 Qe7 32. Bf3 Be6 33. Nd6 Rxd6 34.
exd6 Qxd6 35. Qc3 Rd8 36. Qc5 Qd7 37. d5 cxd5 38. Rd3 d4 39. Rc1 Bf5 40. Rdd1
Bg4 41. Rf1 d3 42. Bxg4 hxg4 43. Qc4 d2 44. Rcd1 Bh6 45. Rf6 Kg7 46. Rff1 Rc8
47. Qe4 f5 48. Qe5+ Kh7 49. h4 gxh3 50. Kh2 Re8 51. Qc5 Re2+ 52. Kh1 b6 0-1

[Event "Politiken"]
[Site "Hillerod"]
[Date "1995.??.??"]
[Round "7"]
[White "Ostergaard, Jens"]
[Black "Danielsen, Henrik"]
[Result "1/2-1/2"]
[WhiteElo "2310"]
[BlackElo "2430"]
[PlyCount "125"]
[EventDate "1995.??.??"]
[EventType "schev"]
[EventRounds "9"]
[EventCountry "DEN"]
[Source "ChessBase"]
[SourceDate "1995.07.01"]

1. d4 Nf6 2. Nf3 e6 3. c4 b6 4. g3 Ba6 5. Qa4 Bb7 6. Bg2 c5 7. dxc5 bxc5 8. O-O
Be7 9. Nc3 O-O 10. Bf4 Qb6 11. Rfd1 Rd8 12. Rd2 d6 13. Rad1 Na6 14. Ne1 Bxg2
15. Nxg2 h6 16. e4 g5 17. Be3 Ng4 18. f4 Nb4 19. h3 Nxe3 20. Nxe3 gxf4 21. gxf4
Kh7 22. Qb5 Qc7 23. e5 Nc6 24. exd6 Bxd6 25. Ned5 exd5 26. Nxd5 Rg8+ 27. Rg2
Rxg2+ 28. Kxg2 Rg8+ 29. Kf2 Qd8 30. Qxc6 Qh4+ 31. Ke2 Qh5+ 32. Kd2 Qf5 33. Kc1
Rg6 34. Qb7 Bxf4+ 35. Nxf4 Qxf4+ 36. Kb1 Qxc4 37. Rc1 Qd3+ 38. Ka1 Rf6 39. a3
Rf1 40. Rxf1 Qxf1+ 41. Ka2 Qc4+ 42. b3 Qf1 43. Qxa7 Qf2+ 44. Kb1 Kg6 45. a4
Qe1+ 46. Kc2 Qe4+ 47. Kc1 Qf4+ 48. Kc2 Qh2+ 49. Kc1 Qg1+ 50. Kc2 Qg2+ 51. Kc1
Qf1+ 52. Kc2 Qe2+ 53. Kc1 Qe3+ 54. Kc2 Qe4+ 55. Kc1 Qf4+ 56. Kc2 Qf5+ 57. Kc1
Qg5+ 58. Kc2 Qg2+ 59. Kc1 Qg1+ 60. Kc2 Qf2+ 61. Kc1 Qe3+ 62. Kc2 Qe2+ 63. Kc1
1/2-1/2